Value addition or value acquisition ?. Travails of the plantation sector in the era of globalization (Record no. 52189)

MARC details
000 -LEADER
fixed length control field 00408nam a2200133Ia 4500
100 ## - MAIN ENTRY--AUTHOR NAME
Personal name George K T
245 #0 - TITLE STATEMENT
Title Value addition or value acquisition ?. Travails of the plantation sector in the era of globalization
260 ## - PUBLICATION, DISTRIBUTION, ETC. (IMPRINT)
Name of publisher Economic and Political Weekly
Year of publication 2005
300 ## - PHYSICAL DESCRIPTION
Number of Pages 2681-2687
650 ## - SUBJECT ADDED ENTRY--TOPICAL TERM
Topical Term Plantation sector
700 ## - ADDED ENTRY--PERSONAL NAME
Personal name Joseph J
942 ## - ADDED ENTRY ELEMENTS (KOHA)
Koha item type Bibliography STAF
Holdings
Withdrawn status Lost status Damaged status Not for loan Home library Current library Date acquired Serial Enumeration / chronology Koha item type
      Bibliography RRII Library RRII Library 09/04/2014 Volume XL, Issue 26 Bibliography STAF